000 00674 a2200205 4500
001 066622
003 OSt
005 20211004154419.0
008
082 _a547.2
_bF46R
100 1 _aFiesar, Louis F.
245 1 _aReagents for organic synthesis
_cby Louis F. Fiesar and Mary Fiesar
260 _aNew Delhi
_bWiley
_c2007
300 _a25v. (v.1: 1457; v.2: 538; v.3: 401; v.4: 660; v.5: 864; v.6: 765; v.7: 487
500 _a908 v.1; 909 v.2; 910 v.3; 911 v.4; 912 v.5; 913 v.6; 914 v.7
630 _aChemistry
690 _aOrganic compounds--Synthesis; Chemical tests and reagents
700 _aFiesar, Mary
942 _2ddc
_cBK
999 _c661
_d661